000 00736nam a2200253Ia 4500
003 OSt
005 20220928131210.0
006 a|||||r|||| 00| 0
007 ta
008 220927b |||||||| |||| 00| 0 eng d
020 _cUSD 74.00
024 _a139471
037 _b45, 29/01/2019, Better Book Service
_cTextual
040 _aSDCL
_cSDCL
_beng
041 _2eng
_aeng
082 _aR34, Q7
100 _aRussell Paul
_9477380
245 0 _aLimits of free will
_b Selected essays
260 _aNew York
_b Oxford University Press
_c2017
300 _axxiv,288p.
_ccm.
650 _aPhilosophy
942 _hR34, Q7
_cTEXL
_2CC
999 _c789885
_d789885